000 00425nam a2200181Ia 4500
001 3195
005 20260306144903.0
008 260306t2008||||xx |||||||||||||| ||spa||
041 _aESP
082 _a261.8
_bV935
100 _aVelasco Criado, Demetrio
_eAUT
245 0 _aLa propiedad ¿es un robo?
260 _c2008
300 _a31 páginas :
_c20 cm.
650 _aGEN
654 _aCHU
942 _cLIB
_dJUS
_fJUS
_2ddc
_n
999 _c3195
_d3195